| 000 | 00598nam a2200241Ia 4500 | ||
|---|---|---|---|
| 008 | 160803s9999 xx 000 0 und d | ||
| 020 | _a9780590522984 | ||
| 100 | _aBerger, Melvin | ||
| 245 | _aChomp! : | ||
| 245 | _ba book about sharks / | ||
| 245 | _cby Melvin Berger. | ||
| 260 | _aNew York : | ||
| 260 | _bScholastic Inc. | ||
| 260 | _c2006 | ||
| 300 | _a1 volume (unpaged) : | ||
| 300 | _bcolor illustrations ; | ||
| 300 | _c23 cm. | ||
| 440 | _aHello science reader!, | ||
| 440 | _vLevel 3. | ||
| 650 | _aSharks -- | ||
| 650 | _xJuvenile literature. | ||
| 700 | _a420 | ||
| 999 |
_c299243 _d299243 |
||